000 00908nas a2200313 4500
001 BR2014000421
003 BR-BrBNA
005 20231205123623.0
007 ta
008 230509b bl.|||p| |||| 00| 00por d
040 _aBR-BrBNA
_bpor
_cBiblioteca Nacional de Agricultura
041 _a(Pt)
072 _aL53
100 1 _aSantos, J.C.E. dos
100 1 _aSato, Y.
100 1 _aSantos, A.J.G.
100 1 _aMendes, P. de P.
100 1 _aSantiago, K.B.
100 1 _aLuz, R.K.
245 1 _aDesova induzida de curimatã-pacu submetido a dois protocolos de hipofisação
650 _aCURIMATÃ
650 _aLARVA
650 _aDESOVA
650 _aREPRODUÇÃO
650 _aFERTILIDADE
773 0 _tPesquisa Agropecuária Brasileira (Brazil)
_xISSN 0100-204X
_g(Aug 2013), v. 48(8) p. 1132-1135
_wBR2014000421
909 _a202311
_bLúcia
_c55
_dLúcia Elande
942 _2AGRIS
_n0
_cANA
999 _c234832
_d234832